[Event "Imperia Corallo op-A 1st"]
[Site "Imperia"]
[Date "2006.11.24"]
[Round "1"]
[White "Mongielli, Ferdinando"]
[Black "Pesce, Gabriele"]
[Result "0-1"]
[WhiteElo "1650"]
[BlackElo "2008"]
[PlyCount "90"]
[EventDate "2006.11.24"]
[EventType "swiss"]
[EventRounds "5"]
[EventCountry "ITA"]
[SourceTitle "EXT 2024"]
[Source "ChessBase"]
[SourceDate "2023.10.10"]
[SourceVersion "1"]
[SourceVersionDate "2023.10.10"]
[SourceQuality "1"]

1. e4 c5 2. Bc4 Nc6 3. Nf3 e6 4. 0-0 d6 5. d3 Nf6 6. Bg5 Be7 7. Nc3 0-0 8. a3 a6 9. Ne2 d5 10. exd5 exd5 11. Ba2 Bg4 12. Nd2 Nd4 13. f3 Nxe2+ 14. Qxe2 Be6 15. Rae1 Qb6 16. b3 h6 17. Be3 d4 18. Bf2 Nd5 19. Nc4 Qd8 20. Qe5 Nc3 21. Bb1 Bxc4 22. Qxe7 Qxe7 23. Rxe7 Bd5 24. Bg3 Rfe8 25. Bd6 Rxe7 26. Bxe7 b6 27. Bd6 Re8 28. b4 Rc8 29. Re1 Rc6 30. bxc5 bxc5 31. Bf4 Rb6 32. Bc7 Rxb1 33. Rxb1 Nxb1 34. Bb6 Nxa3 35. Bxc5 Nxc2 36. Kf2 a5 37. Ke2 a4 38. Kd2 Bb3 39. g3 a3 40. Bxa3 Nxa3 41. f4 Nc4+ 42. dxc4 Bxc4 43. h3 f5 44. h4 Kf7 45. Kc2 Kg6 0-1